| 000 -ლიდერი |
| ფიქსირებული სიგრძის საკონტროლო ველი |
01339nam a2200265Ia 4500 |
| 001 - საკონტროლო ნომერი |
| საკონტროლო ველი |
22125 |
| 003 - საკონტროლო ნომრის იდენტიფიკატორი |
| საკონტროლო ველი |
GE_BSU |
| 005 - ბოლო ოპერაციის თარიღი და დრო |
| საკონტროლო ველი |
20221107172545.0 |
| 008 - ფიქსირებული სიგრძის მონაცემთა ელემენტები - ზოგადი ინფორმაცია |
| ფიქსირებული სიგრძის საკონტროლო ველი |
181216s ||||ge |||||||||||||| ||geo|| |
| 010 ## - კონგრესის ბიბლიოთეკის საკონტროლო ნომერი |
| LC საკონტროლო ნომერი |
9789941937477 |
| 040 ## - კატალოგიზაციის წყარო |
| Transcribing agency |
GE_BSU |
| 041 ## - ენის კოდი |
| Language code of text/sound track or separate title |
geo |
| 080 ## - უნივერსალური ათობითი კლასიფიკაციის ინდექსი |
| Universal Decimal Classification number |
005.8 პ-84 |
| 245 ## - ცნობა სათაურის შესახებ |
| Title |
PMBOK guide = პროექტის მენეჯმენტი / |
| Statement of responsibility, etc |
პროექტის მენეჯერი გიორგი ზაუტაშვილი ; ინგლისურიდან თარგმნა თამარ ქორიძემ ; მთავარი რედაქტორი გოდერძი ტყეშელაშვილი. |
| 264 ## - წარმოების, გამოცემის, დისტრიბუციის და სხვა ცნობები |
| გამოცემის, წარმოების, დისტრიბუციის... ადგილი |
თბილისი : |
| გამოცემის, წარმოების, დისტრიბუციის... სახელწოდება |
ლაბირინთი, |
| გამოცემის, წარმოების, დისტრიბუციის... თარიღი |
2014. |
| 300 ## - ფიზიკური აღწერა |
| Extent |
430 გვ. ; |
| Other physical details |
ნახ. ; |
| Dimensions |
29 სმ. |
| 653 ## - INDEX TERM--UNCONTROLLED |
| Uncontrolled term |
მენეჯმენტი |
| 653 ## - INDEX TERM--UNCONTROLLED |
| Uncontrolled term |
პროექტის მენეჯმენტი |
| 653 ## - INDEX TERM--UNCONTROLLED |
| Uncontrolled term |
PMBOK guide |
| 700 ## - ADDED ENTRY--PERSONAL NAME |
| Personal name |
ზაუტაშვილი, გიორგი |
| Relator term |
პროექტის მენეჯერი |
| 9 (RLIN) |
15760 |
| 700 ## - ADDED ENTRY--PERSONAL NAME |
| Personal name |
ქორიძე, თამარ |
| Relator term |
მთარგმნელი |
| 9 (RLIN) |
15761 |
| 700 ## - ADDED ENTRY--PERSONAL NAME |
| Personal name |
ტყეშელაშვილი, გოდერძი |
| Relator term |
რედაქტორი |
| 9 (RLIN) |
7734 |
| 942 ## - ADDED ENTRY ELEMENTS (KOHA) |
| Koha item type |
წიგნი |
| Source of classification or shelving scheme |
|